000 00311pam a2200145 a 4500
020 _c
041 _h
082 _a759.1
_bBAI
100 _aMartin Bailey.
245 _aVermeer
_bVermeer
_hTextual Documents
250 _a1995.
260 _aAmerica
_bPhaidon Book
300 _a128:
_bpaper.
930 _a2202
999 _c235992
_d235992